000 00258nam a2200085Ia 4500
245 0 _a150 years of South African rugby
100 _a Van der Berg, Wim Johannesburg, South Africa, 2011
_986281
942 _cBK
008 210817s9999 xx 000 0 und d
999 _c328635
_d328634